Memoriál G. Princa otvára svoju náruč

Bibliographic Details
Main Author: Glovičko, Jaroslav (Author)
Format: Article
Language:Slovak
PhysicalDescription:Fotogr.
ISSN:1335-4566
Subjects:

MARC

LEADER 00000nab a2200000 a 4500
001 vtls008408478
003 SK-MaSNL
005 20260303070106.0
008 051109c20050730xo drz 0 0slo
038 |a KEVKJB 
040 |a KEVKJB  |b slo  |c KEVKJB  |e AACR2 
041 0 |a slo 
044 |a xo  |c SK 
080 |a 796.332  |2 UDC-MRF-SK2 
100 1 |a Glovičko, Jaroslav  |4 aut  |9 877427 
245 1 0 |a Memoriál G. Princa otvára svoju náruč  |c Jaroslav Glovičko 
300 |b Fotogr. 
611 2 7 |a Memoriál Gejzu Princa  |n 2.  |d 2005  |c Košice, Slovensko  |2 snkbucl  |9 1067057 
650 0 7 |a futbal  |2 kevkjb  |9 3291 
651 7 |a Košice (Slovensko)  |2 kevkjb  |9 18694 
773 0 |t Košický denník Korzár  |g Roč. VIII, č. 176 (30.7.2005), s. 10  |x 1335-4566 
852 |a KEVKJB  |b KIS3GCP 
999 |c 1753915  |d 1755845